|
|
|
|
| LEADER |
00869nam a2200253 a 4500 |
| 001 |
000405685 |
| 003 |
CZ BrMZK |
| 005 |
20180822143742.0 |
| 007 |
ta |
| 008 |
980105s1986 xo f slo d |
| 040 |
|
|
|a BOA001
|b cze
|
| 080 |
|
|
|a 894.511-312.6=854
|2 MRF
|
| 100 |
1 |
|
|a Bart, István,
|d 1944-
|7 jcu2010579741
|4 aut
|
| 245 |
1 |
0 |
|a Rudolf, nešťastný následník :
|b (Ľúbostný román) /
|c István Bart ; Z maď. orig. preložil Karol Wlachovský
|
| 250 |
|
|
|a 1. vyd.
|
| 260 |
|
|
|a Bratislava :
|b Tatran,
|c 1986
|
| 300 |
|
|
|a 164 s.
|
| 490 |
1 |
|
|a Zenit ;
|v zv. 54
|
| 700 |
1 |
|
|a Wlachovský, Karol,
|d 1941-
|7 ola2002157398
|4 trl
|
| 765 |
0 |
|
|t <<A >>boldogtalan sorsú Rudolf trónörökös
|
| 830 |
|
0 |
|a Zenit (Tatran)
|0 s
|
| 910 |
|
|
|a BOA001
|b 2-0911.518
|
| 990 |
|
|
|a BK
|
| 996 |
7 |
|
|b 2619351116
|c 2-0911.518
|l MZK
|r Sklad / do 1 hodiny
|n 0
|w 000405685
|u 000010
|a 1
|e BOA001
|j MZK50
|s A
|